1142 1237 1122 1246 1076 1927 1500 1304 1871 1929 1383 1964 1060 1555 1787 1092 1193 1766 1412 1757 1162 1047 1513 1527 1519 1604 1258 1208 1495 1813 1604 1211 1235 1112 1990 1135 1552 1813 1535 1449 1796 1956 1621 1372 1926 1398 1091 1326 1587 1974 1308 1728 1292 1926 1881 1882 1428 1730 1000 1165 1287 1456 1172 1705 1221 1335 1788 1389 1603 1908 1689 1159 1626 1166 1991 1552 1894 1656 1790 1826 1039 1540 1224 1908 1243 1311 1604 1050 1359 1857 1547 1628 1417 1507 1645 1218 1495 1511 1687 BCNSPRNW ULIB Ver.6.0+V

เปลี่ยนเป็นภาษาไทย

Change to English
 แสดงรายละเอียดบรรณานุกรม
  กลับหน้าหลัก

Brief Record : Get Marc (ISO 2709) : E-mail record : QR code < ปิดหน้าต่าง
LEADER : 00000nam 2200000uu 4500
001    13399124722
003     ULIB
008    160204s2558||||th 000 0 tha d
099    วจ.WQ150^bพ451ป
100 0  พลอยไพลิน มาสุข กำแพงจินดา, อัจฉโรบล แสงประเสริฐ
245 00 ปัจจัยที่ส่งผลต่อการทำหน้าที่ครอบครัวของมารดาวัยรุ่นในระยะหลังคลอด/cพลอยไพลิน มาสุข กำแพงจินดา, อัจฉโรบล แสงประเสริฐ
246 0  factors Affecting family functioning of teenaged post-partum mothers
260    นครสวรรค์:^bวิทยาลัยพยาบาลบรมราชชนนี,^c2558.
300    64 หน้า
650  0 มารดาวัยรุ่น
650  0 ครอบครัว
945    ^p0^l0^i000276
999    ^aเกษร โพธิ์สุวรรณ
รายการนี้ยังไม่มีแท็ก
คุณยังไม่ได้ล็อกอิน คุณสามารถมีกิจกรรมร่วมกับเว็บไซต์ได้ แต่ต้องล็อกอินก่อน ::
  ล็อกอิน

รายการสื่อสารสนเทศ

ลำดับที่ ประเภท เลขเรียก/บาร์โค้ด สถานที่ สถานะ
1. งานวิจัย
งานวิจัย
วจ.WQ150 พ451ป ฉ.1 
  Barcode: 000276
ห้องสมุดวิทยาเขตสวรรค์ประชารักษ์
►วิจัย
บนชั้น

รายการใกล้เคียง
    หัวเรื่อง [มารดาวัยรุ่น]
    หัวเรื่อง [ครอบครัว]

BibComment


ยังไม่เคยถูกคอมเมนท์

คอมเมนท์ทรัพยากรรายการนี้
  คอมเมนท์: ปัจจัยที่ส่งผลต่อ..


 Copyright 2026. Bcnsprnw @Library